Berühmte Fußballinterviews - Statistiken

Allgemein
  • Dieses Quiz wurde 157 mal gespielt
  • Das Durchschnittsergebnis liegt bei 4 aus 9
Antwortstatistiken
Frage Antwort Person % Korrekt
Who is the best player in the world ever? Me! Christiano Ronaldo
93%
Hat ihnen Messi Leid getan? Nein! Joshua Kimmich
90%
Was hat ihnen exakt gefehlt? Eier! Olliver Kahn
76%
Woran hat es gelegen? Ja jut, woran hat et jelegen... Olaf Thon
46%
Was erhoffen sie sich diese Saison von Schalke Super! Schalke-Fan
43%
Bist du Fußballexperte? Ähh, ich bin Schalker! Ein Schalker xD
13%
Was hat das deutsche Spiel so anfällig und so schwerfällig gemacht? Is mir völlig Wurscht! Per Mertesacker
7%
Tolisso zuletzt. Das ist richtig! Leon Goretzka
2%
Fehlt´s da immer noch? Ohh, das geht mir so auf die Eier,mit eurer Mentalitätsscheiße hier! Marco Reus
1%
Keine übereinstimmenden Quizze gefunden
Verteilung der Resultate
Anzahl Personen mit jedem Resultat
Perzentil nach korrekt beantworteten Fragen
Ihre Resultats-Entwicklung
Sie haben dieses Quiz noch nicht gespielt